LIBRARY & INFORMATION CENTRE, KCAET, TAVANUR

ONLINE PUBLIC ACCESS CATALOGUE (OPAC)

Thinking : An introduction to its experimental psychology / (Record no. 1746)

MARC details
000 -LEADER
fixed length control field 00462cam a2200169ua 4500
041 ## - LANGUAGE CODE
Language code of text/sound track or separate title eng
082 ## - DEWEY DECIMAL CLASSIFICATION NUMBER
Classification number 153.42
Item number HUM/TH
100 ## - MAIN ENTRY--AUTHOR NAME
Personal name Humphrey, George .
245 ## - TITLE STATEMENT
Title Thinking : An introduction to its experimental psychology /
260 ## - PUBLICATION, DISTRIBUTION, ETC. (IMPRINT)
Place of publication London :
Name of publisher Methuen and Co. Ltd ,
Year of publication 1951.
300 ## - PHYSICAL DESCRIPTION
Number of Pages 331 :
Other physical details ` ; .
942 ## - ADDED ENTRY ELEMENTS (KOHA)
Koha item type Books
Holdings
Withdrawn status Lost status Damaged status Home library Current library Date acquired Full call number Accession Number Koha item type
Withdrawn     KAUAET Sanskrit University 07/04/2012 153.42 613 Books
free website counter